‘Since at least Plato ...’ and Other Postmodernist Myths : (Record no. 587010)

MARC details
000 -LEADER
fixed length control field 00528nam a2200193 a 4500
008 - FIXED-LENGTH DATA ELEMENTS--GENERAL INFORMATION
fixed length control field 250914s1997##################000#0#eng##
020 ## - INTERNATIONAL STANDARD BOOK NUMBER
ISBN 9780333681640
082 04 - DEWEY DECIMAL CLASSIFICATION NUMBER
Classification number 149.97
Item number DEV
100 1# - MAIN ENTRY--AUTHOR NAME
Personal name Devaney, M.,
245 10 - TITLE STATEMENT
Title ‘Since at least Plato ...’ and Other Postmodernist Myths :
260 ## - PUBLICATION, DISTRIBUTION, ETC. (IMPRINT)
Name of publisher Palgrave Macmillan,
Year of publication 1997.
300 ## - PHYSICAL DESCRIPTION
Number of Pages 245 pages
650 #0 - SUBJECT ADDED ENTRY--TOPICAL TERM
Topical Term Science.
942 ## - ADDED ENTRY ELEMENTS (KOHA)
Koha item type English Books
Holdings
Withdrawn status Lost status Damaged status Not for loan Home library Current library Shelving location Date acquired Full call number Accession Number Price effective from Koha item type
        Anna Centenary Library Anna Centenary Library 3RD FLOOR, A WING 15.09.2025 149.97 DEV 309216 15.09.2025 English Books

Find us on the map